000 00319nam a22001457a 4500
008 230124b ||||| |||| 00| 0 eng d
020 _a9780133810516
041 _aeng
080 _2THIRD EDITION
_a004
082 _a004SAS
100 _a18
101 _aSHKJP
245 _aTOP NOTCH 1
_cSASLOW J
942 _2udc
_cBK
999 _c59266
_d59266